[Event "HUN-chT2 Toth 1819"]
[Site "Hungary"]
[Date "2019.02.24"]
[Round "8.3"]
[White "Miklos, Csaba"]
[Black "Dostan, Janos"]
[Result "1/2-1/2"]
[WhiteElo "1961"]
[BlackElo "2032"]
[PlyCount "105"]
[EventDate "2018.09.23"]
[EventType "team-tourn"]
[EventRounds "11"]
[EventCountry "HUN"]
[SourceTitle "EXT 2021"]
[Source "ChessBase"]
[SourceDate "2020.10.23"]
[SourceVersion "1"]
[SourceVersionDate "2020.10.23"]
[SourceQuality "1"]
[WhiteTeam "Kecskemet Takisz"]
[BlackTeam "Karcag"]
[WhiteTeamCountry "HUN"]
[BlackTeamCountry "HUN"]

1. e4 e5 2. Nf3 d6 3. d4 exd4 4. Nxd4 Nf6 5. Nc3 Be7 6. Be2 0-0 7. 0-0 a6 8. a4 c5 9. Nf3 Nc6 10. Re1 b6 11. Bf4 Qc7 12. Nd5 Nxd5 13. Qxd5 Bb7 14. Qd2 Rad8 15. Rad1 Ne5 16. Qe3 Bf6 17. Nd2 Rfe8 18. Qg3 Ng6 19. Nc4 Nxf4 20. Qxf4 Rxe4 21. Qc1 g6 22. Bd3 Rxe1+ 23. Rxe1 d5 24. Ne3 Re8 25. Ng4 Rxe1+ 26. Qxe1 Qe7 27. Nxf6+ Qxf6 28. Qe8+ Kg7 29. c3 Bc6 30. Qb8 Bxa4 31. Bxa6 Bc2 32. Qg3 d4 33. cxd4 Qxd4 34. Qc3 Qxc3 35. bxc3 Kf6 36. Kf1 Ke5 37. Ke2 f5 38. Bc4 Be4 39. f3 Bc6 40. g3 f4 41. Bf7 g5 42. Bh5 b5 43. Kd3 Bd5 44. Kc2 Bc4 45. Bg4 Kd6 46. Kd2 Kc6 47. Kc2 Kb6 48. Bh5 Ka5 49. Kb2 Bd3 50. Bg4 Bg6 51. Be6 fxg3 52. hxg3 h5 53. f4 1/2-1/2

[Event "HUN-chT2 Toth 1819"]
[Site "Hungary"]
[Date "2019.01.27"]
[Round "6.4"]
[White "Banki H, Istvan"]
[Black "Miklos, Csaba"]
[Result "1-0"]
[WhiteElo "2082"]
[BlackElo "1961"]
[PlyCount "47"]
[EventDate "2018.09.23"]
[EventType "team-tourn"]
[EventRounds "11"]
[EventCountry "HUN"]
[SourceTitle "EXT 2021"]
[Source "ChessBase"]
[SourceDate "2020.10.23"]
[SourceVersion "1"]
[SourceVersionDate "2020.10.23"]
[SourceQuality "1"]
[WhiteTeam "Oroshaza"]
[BlackTeam "Kecskemet Takisz"]
[WhiteTeamCountry "HUN"]
[BlackTeamCountry "HUN"]

1. e4 c5 2. d4 cxd4 3. c3 d3 4. Bxd3 Nc6 5. Nf3 d6 6. 0-0 Nf6 7. Bg5 Nd7 8. Nbd2 Nde5 9. Nxe5 Nxe5 10. Bb5+ Bd7 11. Bxd7+ Qxd7 12. f4 Nc6 13. Nc4 g6 14. f5 0-0-0 15. Be3 Kb8 16. Qa4 b6 17. Rad1 Qb7 18. Qb5 Bg7 19. fxg6 fxg6 20. Rf7 Bf6 21. Nxd6 Ne5 22. Bf4 Qxe4 23. Nxe4 Rxd1+ 24. Kf2 1-0

[Event "HUN-chT2 Toth 1617"]
[Site "Hungary"]
[Date "2016.11.27"]
[Round "5.5"]
[White "Miklos, Csaba"]
[Black "Lovas, Peter"]
[Result "1/2-1/2"]
[WhiteElo "1978"]
[BlackElo "1830"]
[PlyCount "106"]
[EventDate "2016.09.25"]
[EventType "team-tourn"]
[EventRounds "11"]
[EventCountry "HUN"]
[SourceTitle "EXT 2021"]
[Source "ChessBase"]
[SourceDate "2020.10.23"]
[SourceVersion "1"]
[SourceVersionDate "2020.10.23"]
[SourceQuality "1"]
[WhiteTeam "Kecskemet Takisz"]
[BlackTeam "Nadudvar"]
[WhiteTeamCountry "HUN"]
[BlackTeamCountry "HUN"]

1. c4 Nf6 2. Nf3 e6 3. g3 b6 4. Bg2 Bb7 5. 0-0 Be7 6. Nc3 0-0 7. d4 d5 8. b3 Ne4 9. Qc2 f5 10. e3 a5 11. a4 Na6 12. Bb2 Nb4 13. Qe2 Bf6 14. Rac1 c5 15. Rfd1 Qe7 16. Nb5 Rac8 17. Ne1 Na2 18. Ra1 Nb4 19. f3 Nd6 20. Nxd6 Qxd6 21. dxc5 bxc5 22. Bxf6 gxf6 23. cxd5 exd5 24. Nd3 Ba6 25. Bf1 Nxd3 26. Rxd3 Bxd3 27. Qxd3 Qe6 28. Bh3 Rce8 29. Re1 c4 30. bxc4 dxc4 31. Qc2 Re7 32. Bxf5 Qd5 33. e4 Qd4+ 34. Kg2 Rd8 35. Rc1 Rc7 36. Kh3 Kg7 37. f4 Kh8 38. Qb1 c3 39. Bg4 Qxa4 40. Qb6 Qc6 41. Qxa5 c2 42. Qe1 Rd4 43. e5 Qc3 44. Qf1 Rcc4 45. e6 Re4 46. Bf5 Rxf4 47. e7 Rh4+ 48. Kg2 Rhe4 49. Bxe4 Rxe4 50. Qf2 Qe5 51. Rxc2 Qxe7 52. Qf3 Qe6 53. Rf2 Kg7 1/2-1/2

[Event "HUN-chT2 Toth 1314"]
[Site "Hungary"]
[Date "2014.03.23"]
[Round "9.6"]
[White "Miklos, Csaba"]
[Black "Kerekes, Attila"]
[Result "1/2-1/2"]
[WhiteElo "2045"]
[BlackElo "2127"]
[PlyCount "31"]
[EventDate "2013.09.08"]
[EventType "team-tourn"]
[EventRounds "11"]
[EventCountry "HUN"]
[SourceTitle "EXT 2016"]
[Source "ChessBase"]
[SourceDate "2015.10.08"]
[SourceVersion "1"]
[SourceVersionDate "2015.10.08"]
[SourceQuality "1"]
[WhiteTeam "Kecskemet Takisz"]
[BlackTeam "Bekes"]
[WhiteTeamCountry "HUN"]
[BlackTeamCountry "HUN"]

1. Nf3 c5 2. c4 Nf6 3. Nc3 b6 4. g3 Bb7 5. Bg2 g6 6. 0-0 Bg7 7. d4 cxd4 8. Qxd4 0-0 9. Qd3 d6 10. b3 Nbd7 11. Bb2 Ne4 12. Rac1 Ndc5 13. Qc2 Nxc3 14. Bxc3 Rc8 15. Rfd1 Qc7 16. Bxg7 1/2-1/2

[Event "HUN-chT2 Toth 1213"]
[Site "Hungary"]
[Date "2013.03.03"]
[Round "8.4"]
[White "Juhasz, Bela"]
[Black "Miklos, Csaba"]
[Result "1-0"]
[WhiteElo "2178"]
[BlackElo "2067"]
[PlyCount "61"]
[EventDate "2012.09.16"]
[EventType "team-tourn"]
[EventRounds "11"]
[EventCountry "HUN"]
[SourceTitle "EXT 2014"]
[Source "ChessBase"]
[SourceDate "2013.11.20"]
[SourceVersion "1"]
[SourceVersionDate "2013.11.20"]
[SourceQuality "1"]
[WhiteTeam "Ujszasz"]
[BlackTeam "Takisz"]
[WhiteTeamCountry "HUN"]
[BlackTeamCountry "HUN"]

1. Nf3 c5 2. c4 Nc6 3. d4 cxd4 4. Nxd4 Nf6 5. Nc3 e6 6. a3 d5 7. cxd5 Nxd5 8. Nxc6 bxc6 9. Qc2 Be7 10. e4 Nf6 11. Be2 0-0 12. Bf4 Nd7 13. 0-0 e5 14. Bg3 Bf6 15. Rfd1 Qe7 16. Na4 Bb7 17. Bg4 Rfd8 18. b4 Nb6 19. Nc5 Rd4 20. Rxd4 exd4 21. e5 Bg5 22. f4 Bh6 23. Rd1 Rd8 24. Qe4 Bc8 25. Bxc8 Rxc8 26. Qxd4 g6 27. Ne4 Bg7 28. Nd6 Rc7 29. f5 Bf8 30. e6 fxe6 31. f6 1-0

[Event "HUN-chT2 Toth 1112"]
[Site "Hungary"]
[Date "2012.04.22"]
[Round "9.6"]
[White "Miklos, Csaba"]
[Black "Tamas, Kornel"]
[Result "1-0"]
[WhiteElo "2045"]
[BlackElo "1953"]
[PlyCount "168"]
[EventDate "2011.09.25"]
[EventType "team-tourn"]
[EventRounds "11"]
[EventCountry "HUN"]
[SourceTitle "EXT 2013"]
[Source "ChessBase"]
[SourceDate "2012.11.22"]
[SourceVersion "1"]
[SourceVersionDate "2012.11.22"]
[SourceQuality "1"]
[WhiteTeam "Takisz"]
[BlackTeam "Gyula"]
[WhiteTeamCountry "HUN"]
[BlackTeamCountry "HUN"]

1. Nf3 d5 2. c4 c6 3. b3 Nf6 4. Bb2 e6 5. g3 Nbd7 6. Bg2 Be7 7. 0-0 0-0 8. d4 b6 9. Nbd2 Bb7 10. Re1 Qc7 11. Rc1 c5 12. cxd5 Nxd5 13. dxc5 Bxc5 14. Ne4 Qd8 15. Nxc5 Nxc5 16. Qd4 f6 17. e4 Ne7 18. Qc4 Ba6 19. Qc2 Bd3 20. Qc3 Nxe4 21. Qd4 Nf5 22. Qa4 Nc5 23. Qa3 a5 24. Rcd1 Ra7 25. b4 axb4 26. Qxa7 Rf7 27. Rxd3 Nxd3 28. Qa4 Nxe1 29. Nxe1 Qe7 30. Nc2 Rf8 31. Nxb4 Rc8 32. Nc6 Qc7 33. Qb3 Kf7 34. Ba3 g6 35. Bb2 Ne7 36. Nxe7 Kxe7 37. Qe3 g5 38. Qf3 e5 39. Ba3+ Kf7 40. Qf5 Kg7 41. Be4 Rh8 42. Qe6 Qf7 43. Qxf7+ Kxf7 44. Bb4 Ke6 45. g4 h5 46. h3 hxg4 47. hxg4 Rd8 48. Bf5+ Kf7 49. Bc3 Ra8 50. Bc2 Rd8 51. Kf1 Rc8 52. Bb3+ Kg6 53. Bd2 Rc6 54. Ke2 Rd6 55. Bc2+ Kf7 56. Be3 Kg7 57. Kf3 Rc6 58. Bb3 Kg6 59. Ke4 Rd6 60. Bd5 Kg7 61. Bd2 Kg6 62. Bb4 Rd7 63. Bc3 Rd6 64. Bb3 Rd8 65. Ke3 Rd6 66. Ke2 Rd8 67. Bd2 Rd6 68. Kd1 Rd4 69. f3 Kg7 70. Bc2 Kf7 71. Kc1 Ke7 72. Be3 Rd6 73. Kb2 Kd7 74. Kb3 Kc7 75. Be4 Rd1 76. Kc2 Rd6 77. Bc1 Kd7 78. Bd2 Rd4 79. Bc3 Rd6 80. Kb3 Kc7 81. Bb4 Rd7 82. Kc4 Rf7 83. Kd5 Rd7+ 84. Ke6 Rd4 1-0

[Event "HUN-chT2 Toth 1112"]
[Site "Hungary"]
[Date "2012.03.25"]
[Round "8.6"]
[White "Kovacs, Robert"]
[Black "Miklos, Csaba"]
[Result "0-1"]
[WhiteElo "2100"]
[BlackElo "2045"]
[PlyCount "108"]
[EventDate "2011.09.25"]
[EventType "team-tourn"]
[EventRounds "11"]
[EventCountry "HUN"]
[SourceTitle "EXT 2013"]
[Source "ChessBase"]
[SourceDate "2012.11.22"]
[SourceVersion "1"]
[SourceVersionDate "2012.11.22"]
[SourceQuality "1"]
[WhiteTeam "Karcag"]
[BlackTeam "Takisz"]
[WhiteTeamCountry "HUN"]
[BlackTeamCountry "HUN"]

1. d4 Nf6 2. Nf3 e6 3. Bg5 c5 4. c4 Qb6 5. Qb3 Ne4 6. Qxb6 axb6 7. Be3 Nc6 8. a3 Nb4 9. Kd1 d5 10. Nbd2 Nxd2 11. Nxd2 Nc6 12. dxc5 bxc5 13. f4 Be7 14. g3 0-0 15. Bg2 Rd8 16. Rc1 Bf6 17. cxd5 exd5 18. Rxc5 Bxb2 19. Rxd5 Bxa3 20. Rxd8+ Nxd8 21. Nc4 Be7 22. Ke1 Be6 23. Nb6 Ra1+ 24. Kf2 Rxh1 25. Bxh1 Nc6 26. Bd5 Bxd5 27. Nxd5 Ba3 28. Bb6 Kf8 29. e4 Ke8 30. Ke3 Kd7 31. e5 Ne7 32. Nxe7 Bxe7 33. Ke4 Kc6 34. Bd4 g6 35. g4 b5 36. Bb2 Bc5 37. f5 Bf8 38. h3 Kc5 39. fxg6 fxg6 40. Bd4+ Kc6 41. Bb2 Be7 42. Kd4 Bh4 43. Ba3 Bf2+ 44. Ke4 Be1 45. Kd4 b4 46. Bb2 Kd7 47. Kc4 Ke6 48. Bd4 Bd2 49. Kd3 Bf4 50. Ke4 Bc1 51. Kd3 Kd5 52. Ba1 Bf4 53. e6 Kxe6 54. Kc4 Be5 0-1

[Event "HUN-chT2 Toth 1112"]
[Site "Hungary"]
[Date "2012.02.19"]
[Round "6.5"]
[White "Miklos, Csaba"]
[Black "Andriska, Zsolt"]
[Result "0-1"]
[WhiteElo "2045"]
[BlackElo "2023"]
[PlyCount "96"]
[EventDate "2011.09.25"]
[EventType "team-tourn"]
[EventRounds "11"]
[EventCountry "HUN"]
[SourceTitle "EXT 2013"]
[Source "ChessBase"]
[SourceDate "2012.11.22"]
[SourceVersion "1"]
[SourceVersionDate "2012.11.22"]
[SourceQuality "1"]
[WhiteTeam "Takisz"]
[BlackTeam "KHTK"]
[WhiteTeamCountry "HUN"]
[BlackTeamCountry "HUN"]

1. Nf3 d5 2. c4 e6 3. g3 c6 4. b3 f5 5. Bb2 Nf6 6. Bg2 Bd6 7. 0-0 0-0 8. d4 Qe7 9. Nbd2 Nbd7 10. Ne5 Ne4 11. Nxd7 Bxd7 12. Nf3 Rae8 13. Ne5 Bc8 14. Qc2 Nf6 15. a4 g5 16. f3 g4 17. Qd2 Qg7 18. Rae1 h5 19. Bc1 Nd7 20. Nxd7 Bxd7 21. Qg5 Qxg5 22. Bxg5 Kg7 23. Bf4 Bxf4 24. gxf4 Rg8 25. h4 gxh3 26. Bxh3 Kf6+ 27. Kf2 Rg7 28. Rg1 Reg8 29. Rxg7 Rxg7 30. c5 Bc8 31. b4 b6 32. Rb1 bxc5 33. bxc5 Rb7 34. Rxb7 Bxb7 35. e3 Ba6 36. a5 h4 37. Bf1 Bc4 38. Kg1 Ke7 39. Bh3 Kd7 40. Kf2 Kc7 41. e4 dxe4 42. fxe4 fxe4 43. Ke3 Kb7 44. Kxe4 Bd5+ 45. Ke5 Ka6 46. f5 exf5 47. Bxf5 Kxa5 48. Kd6 Kb5 0-1

[Event "HUN-chT2 Toth 1112"]
[Site "Hungary"]
[Date "2011.11.27"]
[Round "4.6"]
[White "Varadi, Laszlo"]
[Black "Miklos, Csaba"]
[Result "0-1"]
[WhiteElo "2145"]
[BlackElo "2045"]
[PlyCount "210"]
[EventDate "2011.09.25"]
[EventType "team-tourn"]
[EventRounds "11"]
[EventCountry "HUN"]
[SourceTitle "EXT 2013"]
[Source "ChessBase"]
[SourceDate "2012.11.22"]
[SourceVersion "1"]
[SourceVersionDate "2012.11.22"]
[SourceQuality "1"]
[WhiteTeam "Toth Laszlo"]
[BlackTeam "Takisz"]
[WhiteTeamCountry "HUN"]
[BlackTeamCountry "HUN"]

1. e4 c5 2. c3 Nc6 3. d4 d6 4. Nf3 e6 5. Bd3 Nf6 6. 0-0 Be7 7. Re1 e5 8. d5 Nb8 9. h3 Nbd7 10. a4 a6 11. Nbd2 Rb8 12. c4 0-0 13. Nf1 Ne8 14. Ne3 g6 15. Nh2 Ng7 16. Ra3 Nf6 17. Neg4 Nfe8 18. f4 exf4 19. Bxf4 h5 20. Ne3 Bf6 21. Re2 Be5 22. Bxe5 dxe5 23. Nf3 Qe7 24. Qe1 f6 25. Nh4 Kh7 26. g4 g5 27. Nhf5 Bxf5 28. exf5 Nd6 29. Nf1 Rh8 30. Nd2 hxg4 31. hxg4 Kg8 32. Rh2 Rxh2 33. Kxh2 Kf7 34. Ne4 Rh8+ 35. Kg3 Nxe4+ 36. Bxe4 Qd6 37. Rb3 b6 38. a5 Rb8 39. axb6 Rxb6 40. Qc3 Ne8 41. Kf2 Qb8 42. Rxb6 Qxb6 43. b3 Nd6 44. Bc2 Nb7 45. Qh3 Nd8 46. Qh8 Ke7 47. Ke2 Qd6 48. Be4 Kd7 49. Kd2 a5 50. Kc3 Ke7 51. Kb2 Kd7 52. Ka2 Kc7 53. Qg7+ Kb6 54. Ka3 Ka6 55. Qg8 Qb6 56. Ka2 a4 57. bxa4 Ka5 58. Qe8 Kb4 59. d6 Kxc4 60. Qb5+ Qxb5 61. axb5 Kxb5 62. Kb3 c4+ 63. Kc3 Kc5 64. d7 Kd6 65. Kxc4 Kxd7 66. Kc5 Ke7 67. Bf3 Nf7 68. Kd5 Nd6 69. Bg2 Nb5 70. Kc5 Nd4 71. Kd5 Nc2 72. Bf3 Kd7 73. Be2 Ne3+ 74. Ke4 Ng2 75. Ba6 Kd6 76. Bf1 Nf4 77. Ba6 Kc5 78. Bf1 Nd5 79. Ba6 Nc3+ 80. Ke3 Nb5 81. Ke4 Nc3+ 82. Ke3 Nd1+ 83. Ke4 Nf2+ 84. Kf3 Nh3 85. Ke4 Nf4 86. Bf1 Kb4 87. Ba6 Kc3 88. Ke3 Nd5+ 89. Ke4 Nb4 90. Bb5 Kd2 91. Bc4 Ke1 92. Kf3 Nc2 93. Bd3 Kd2 94. Ba6 Ne3 95. Bb7 Kd3 96. Bc6 Nd1 97. Be4+ Kd4 98. Bb7 Nc3 99. Ba6 e4+ 100. Kf2 Nd5 101. Bb5 Ke5 102. Kg3 Nc3 103. Ba6 Kd4 104. Kf2 e3+ 105. Kf3 e2 0-1

[Event "HUN-chT2 Toth 0910"]
[Site "Hungary"]
[Date "2010.02.28"]
[Round "7.6"]
[White "Miklos, Csaba"]
[Black "Egyed, Gabor"]
[Result "1-0"]
[WhiteElo "2094"]
[BlackElo "1929"]
[PlyCount "127"]
[EventDate "2009.11.08"]
[EventType "team-tourn"]
[EventRounds "11"]
[EventCountry "HUN"]
[SourceTitle "EXT 2011"]
[Source "ChessBase"]
[SourceDate "2010.11.26"]
[SourceVersion "1"]
[SourceVersionDate "2010.11.26"]
[SourceQuality "1"]
[WhiteTeam "Takisz"]
[BlackTeam "Karcag"]
[WhiteTeamCountry "HUN"]
[BlackTeamCountry "HUN"]

1. Nf3 d6 2. d4 g6 3. g3 Bg7 4. Bg2 Nd7 5. 0-0 e5 6. e4 Ne7 7. c4 0-0 8. Nc3 c5 9. d5 h6 10. Ne1 f5 11. Nd3 Nb6 12. Qb3 Bd7 13. a4 a5 14. Bd2 Qc7 15. Nb5 Bxb5 16. axb5 Nd7 17. Qc2 Nf6 18. exf5 Nxf5 19. Bc3 b6 20. Rae1 Rae8 21. f3 Rc8 22. Nf2 Nd4 23. Qd1 Kh7 24. Qd3 Rf7 25. Ne4 Ng8 26. Rf2 Rcf8 27. Ref1 Ne7 28. g4 Ng8 29. h4 Nf6 30. h5 Nxe4 31. hxg6+ Kxg6 32. Qxe4+ Kf6 33. f4 Ke7 34. f5 Bf6 35. Bxd4 cxd4 36. b3 Kd8 37. Bh3 Rg7 38. Kh1 Rg5 39. Rg2 Qc5 40. Qd3 Re8 41. Re1 Ke7 42. Re4 Kf7 43. Rh2 Rg7 44. Bf1 Bg5 45. Ra2 Kf6 46. Qd1 Reg8 47. Rh2 Qb4 48. Rh3 Qc5 49. Be2 Bf4 50. Bf3 Qb4 51. Qe2 Be3 52. Rxe3 dxe3 53. Qxe3 Rh7 54. Rxh6+ Kg7 55. Rxh7+ Kxh7 56. g5 Qc5 57. g6+ Kg7 58. Qg5 Rh8+ 59. Kg2 Qc7 60. f6+ Kg8 61. Bg4 Rh7 62. gxh7+ Kxh7 63. Qh5+ Kg8 64. Be6+ 1-0

[Event "HUN-chT2 Toth 0910"]
[Site "Hungary"]
[Date "2010.01.31"]
[Round "5.6"]
[White "Miklos, Csaba"]
[Black "Magi, Tibor"]
[Result "0-1"]
[WhiteElo "2094"]
[BlackElo "1899"]
[PlyCount "104"]
[EventDate "2009.11.08"]
[EventType "team-tourn"]
[EventRounds "11"]
[EventCountry "HUN"]
[SourceTitle "EXT 2011"]
[Source "ChessBase"]
[SourceDate "2010.11.26"]
[SourceVersion "1"]
[SourceVersionDate "2010.11.26"]
[SourceQuality "1"]
[WhiteTeam "Takisz"]
[BlackTeam "Nadudvar"]
[WhiteTeamCountry "HUN"]
[BlackTeamCountry "HUN"]

1. Nf3 d5 2. g3 Nf6 3. Bg2 c6 4. d4 Bf5 5. 0-0 e6 6. Nbd2 Nbd7 7. Nh4 Be7 8. Nxf5 exf5 9. c4 dxc4 10. Nxc4 Nb6 11. Qd3 Nxc4 12. Qxc4 0-0 13. Rd1 Rc8 14. Qd3 g6 15. b3 Re8 16. Bb2 Nd5 17. e3 Bf6 18. Qd2 a6 19. Rac1 Rc7 20. Ba3 Be7 21. Bc5 Bxc5 22. Rxc5 Rd7 23. b4 Nf6 24. Qc1 Ne4 25. Rc2 Qe7 26. Qb2 h5 27. Rd3 h4 28. f3 Nf6 29. Rc5 Nd5 30. Qd2 hxg3 31. hxg3 Qg5 32. e4 Qxg3 33. f4 Qg4 34. Rxd5 cxd5 35. e5 Rc8 36. Rc3 Rdc7 37. Rxc7 Rxc7 38. Kh2 Qh4+ 39. Kg1 Qg3 40. Kf1 Rc3 41. Bxd5 Qd3+ 42. Qxd3 Rxd3 43. e6 fxe6 44. Bxe6+ Kf8 45. d5 Rf3+ 46. Ke2 Rxf4 47. a3 Ke7 48. Bc8 b6 49. Bxa6 Kd6 50. Bb7 Rh4 51. Kf2 Rh3 52. a4 Rb3 0-1